[Event "Ruhrgebiet Verbandsliga Gruppe 1 1819"]
[Site "Nordrheinwestfalen"]
[Date "2019.05.05"]
[Round "9.1"]
[White "Ribbeheger, Edgar"]
[Black "Prass, Marian"]
[Result "1/2-1/2"]
[WhiteElo "2006"]
[BlackElo "2022"]
[PlyCount "101"]
[EventDate "2018.09.23"]
[EventType "team-tourn"]
[EventRounds "9"]
[EventCountry "GER"]
[SourceTitle "EXT 2022"]
[Source "ChessBase"]
[SourceDate "2021.10.06"]
[SourceVersion "1"]
[SourceVersionDate "2021.10.06"]
[SourceQuality "1"]
[WhiteTeam "Sodingen/Castrop SK II"]
[BlackTeam "Altenessen"]
[WhiteTeamCountry "GER"]
[BlackTeamCountry "GER"]

1. c4 e6 2. Nc3 Nf6 3. g3 d5 4. Bg2 Be7 5. Nf3 0-0 6. 0-0 Nbd7 7. cxd5 exd5 8. d4 c6 9. Qc2 Bd6 10. Bg5 h6 11. Bd2 Re8 12. Nh4 Nf8 13. Rfe1 Ne6 14. Nf5 Bf8 15. Rad1 Ng5 16. f3 Qb6 17. Bc1 a5 18. g4 Bxf5 19. Qxf5 Ne6 20. e3 a4 21. a3 Nd7 22. Qc2 Qa7 23. Qf2 Nf6 24. Bf1 b5 25. Bd3 b4 26. axb4 Bxb4 27. Re2 a3 28. Na2 axb2 29. Rxb2 Bd6 30. Nb4 c5 31. Ra2 Qb6 32. Rxa8 Rxa8 33. dxc5 Bxc5 34. Nc2 Nf4 35. Kf1 Nxd3 36. Rxd3 Qb1 37. Qd2 Ra2 38. Rc3 Qb5+ 39. Qe2 Qb6 40. Qd3 Qd6 41. Ba3 Nd7 42. Bxc5 Nxc5 43. Qb5 Qa6 44. Qxa6 Nxa6 45. Rc8+ Kh7 46. h4 g6 47. Ke1 Rb2 48. Kd1 Nb4 49. Nxb4 Rxb4 50. Kd2 d4 51. exd4 1/2-1/2

[Event "Ruhrgebiet Verbandsliga Gruppe 2 1617"]
[Site "Germany"]
[Date "2017.04.30"]
[Round "9.1"]
[White "Ribbeheger, Edgar"]
[Black "Hassenrueck, Helmut"]
[Result "0-1"]
[WhiteElo "2029"]
[BlackElo "2139"]
[PlyCount "60"]
[EventDate "2016.09.04"]
[EventType "team-tourn"]
[EventRounds "9"]
[EventCountry "GER"]
[SourceTitle "EXT 2022"]
[Source "ChessBase"]
[SourceDate "2021.10.06"]
[SourceVersion "1"]
[SourceVersionDate "2021.10.06"]
[SourceQuality "1"]
[WhiteTeam "Sodingen/Castrop SK II"]
[BlackTeam "Gladbeck SG"]
[WhiteTeamCountry "GER"]
[BlackTeamCountry "GER"]

1. d4 Nf6 2. c4 e6 3. Nf3 c5 4. e3 d5 5. Nc3 a6 6. cxd5 exd5 7. Be2 Nc6 8. 0-0 Bd6 9. dxc5 Bxc5 10. a3 0-0 11. b4 Ba7 12. Bb2 Re8 13. Rc1 Be6 14. Na4 Rc8 15. Nc5 Qe7 16. Qa4 Ne4 17. Nxe4 dxe4 18. Nd2 Bd7 19. b5 axb5 20. Bxb5 Bb8 21. Rfd1 Bg4 22. f3 Qh4 23. Nf1 exf3 24. gxf3 Bxh2+ 25. Nxh2 Qg3+ 26. Kh1 Bxf3+ 27. Nxf3 Qxf3+ 28. Kg1 Qxe3+ 29. Kf1 Qf3+ 30. Kg1 Re6 0-1

[Event "Ruhrgebiet Verbandsliga Gruppe 2 1617"]
[Site "Germany"]
[Date "2016.10.30"]
[Round "3.1"]
[White "Kunisch, Siegfried"]
[Black "Ribbeheger, Edgar"]
[Result "0-1"]
[WhiteElo "2003"]
[BlackElo "2047"]
[PlyCount "48"]
[EventDate "2016.09.04"]
[EventType "team-tourn"]
[EventRounds "9"]
[EventCountry "GER"]
[SourceTitle "EXT 2022"]
[Source "ChessBase"]
[SourceDate "2021.10.06"]
[SourceVersion "1"]
[SourceVersionDate "2021.10.06"]
[SourceQuality "1"]
[WhiteTeam "Essen Listiger Bauer"]
[BlackTeam "Sodingen/Castrop SK II"]
[WhiteTeamCountry "GER"]
[BlackTeamCountry "GER"]

1. e4 d6 2. g3 c5 3. Bg2 Nc6 4. d3 g6 5. f4 Bg7 6. Nf3 Nf6 7. h3 Qb6 8. Nc3 0-0 9. g4 e6 10. 0-0 Rd8 11. g5 Nh5 12. Kh2 d5 13. e5 a6 14. Ne2 Ne7 15. Nh4 Bf8 16. Ng3 Nxg3 17. Kxg3 Bd7 18. c3 Rac8 19. Rb1 Bc6 20. d4 cxd4 21. cxd4 Bb5 22. Rf2 Nc6 23. Nf3 Nb4 24. a3 Bd3 0-1

[Event "Ruhrgebiet Regionalliga 1516"]
[Site "Germany"]
[Date "2016.05.01"]
[Round "9.5"]
[White "Dahlmann, Dirk"]
[Black "Ribbeheger, Edgar"]
[Result "1-0"]
[WhiteElo "2140"]
[BlackElo "2005"]
[PlyCount "55"]
[EventDate "2015.09.13"]
[EventType "team-tourn"]
[EventRounds "9"]
[EventCountry "GER"]
[SourceTitle "EXT 2022"]
[Source "ChessBase"]
[SourceDate "2021.10.06"]
[SourceVersion "1"]
[SourceVersionDate "2021.10.06"]
[SourceQuality "1"]
[WhiteTeam "Bochum SV"]
[BlackTeam "Sodingen/Castrop SK II"]
[WhiteTeamCountry "GER"]
[BlackTeamCountry "GER"]

1. c4 e5 2. g3 Nf6 3. Bg2 Nc6 4. Nc3 Bc5 5. e3 0-0 6. Nge2 Re8 7. 0-0 e4 8. d3 exd3 9. Nf4 Ne5 10. Nxd3 Bf8 11. Nxe5 Rxe5 12. f4 Re8 13. g4 d5 14. g5 Ng4 15. Qxd5 Qe7 16. Qf3 Nxe3 17. Re1 Nc2 18. Rxe7 Bxe7 19. Be3 Bb4 20. Bf2 Nxa1 21. Qd1 Bxc3 22. bxc3 Bf5 23. Qxa1 Rad8 24. Bf3 b6 25. c5 Rd2 26. c6 Be6 27. Qe1 Red8 28. Bd4 1-0

[Event "Ruhrgebiet Regionalliga 1516"]
[Site "Germany"]
[Date "2016.01.17"]
[Round "5.5"]
[White "Ribbeheger, Edgar"]
[Black "Boehm, Malte"]
[Result "1-0"]
[WhiteElo "2020"]
[BlackElo "1979"]
[PlyCount "57"]
[EventDate "2015.09.13"]
[EventType "team-tourn"]
[EventRounds "9"]
[EventCountry "GER"]
[SourceTitle "EXT 2022"]
[Source "ChessBase"]
[SourceDate "2021.10.06"]
[SourceVersion "1"]
[SourceVersionDate "2021.10.06"]
[SourceQuality "1"]
[WhiteTeam "Sodingen/Castrop SK II"]
[BlackTeam "Brackel SF"]
[WhiteTeamCountry "GER"]
[BlackTeamCountry "GER"]

1. d4 Nf6 2. c4 d6 3. Nc3 g6 4. e4 Bg7 5. Nf3 0-0 6. Be2 e5 7. 0-0 Nc6 8. d5 Ne7 9. Ne1 Ne8 10. Be3 f5 11. f3 f4 12. Bf2 g5 13. c5 h5 14. Rc1 Rf7 15. Nb5 Bd7 16. Qb3 g4 17. Nd3 Ng6 18. c6 bxc6 19. dxc6 Bc8 20. Rfd1 Qg5 21. Ne1 Kf8 22. Bxa7 g3 23. h3 Qh4 24. Bf1 Nf6 25. Bb6 Rb8 26. Nxc7 Rxc7 27. Rxd6 Re7 28. Rd8+ Re8 29. Bc5+ 1-0

[Event "Ruhrgebiet Regionalliga 1516"]
[Site "Germany"]
[Date "2015.09.13"]
[Round "1.6"]
[White "Lang, Daniel"]
[Black "Ribbeheger, Edgar"]
[Result "1-0"]
[WhiteElo "1966"]
[BlackElo "2033"]
[PlyCount "59"]
[EventDate "2015.09.13"]
[EventType "team-tourn"]
[EventRounds "9"]
[EventCountry "GER"]
[SourceTitle "EXT 2022"]
[Source "ChessBase"]
[SourceDate "2021.10.06"]
[SourceVersion "1"]
[SourceVersionDate "2021.10.06"]
[SourceQuality "1"]
[WhiteTeam "Wattenscheid SV II"]
[BlackTeam "Sodingen/Castrop SK II"]
[WhiteTeamCountry "GE2"]
[BlackTeamCountry "GER"]

1. d4 Nf6 2. c4 c5 3. d5 b5 4. cxb5 a6 5. bxa6 Nxa6 6. Nc3 g6 7. g3 d6 8. Bg2 Bg7 9. Nf3 0-0 10. 0-0 Bd7 11. e4 Qb6 12. e5 Ng4 13. e6 Bb5 14. Nxb5 Qxb5 15. exf7+ Rxf7 16. h3 Rxf3 17. Bxf3 Ne5 18. Be2 Qd7 19. Kh2 Qb7 20. f4 Nd7 21. Qb3 Nb4 22. Bd2 Rb8 23. Bf3 Qa6 24. Rab1 c4 25. Qe3 Nc5 26. Bc3 Nbd3 27. Bxg7 Kxg7 28. Qxe7+ Kg8 29. f5 Qxa2 30. f6 1-0

[Event "Ruhrgebiet Verbandsliga Gruppe 1 1415"]
[Site "Germany"]
[Date "2014.11.16"]
[Round "3"]
[White "Ribbeheger, Edgar"]
[Black "Boehm, Ingo"]
[Result "1-0"]
[WhiteElo "1984"]
[BlackElo "2042"]
[PlyCount "81"]
[EventDate "2014.09.21"]
[EventType "team-tourn"]
[EventRounds "9"]
[EventCountry "GER"]
[SourceTitle "EXT 2022"]
[Source "ChessBase"]
[SourceDate "2021.10.06"]
[SourceVersion "1"]
[SourceVersionDate "2021.10.06"]
[SourceQuality "1"]
[WhiteTeam "Herne Sodingen II"]
[BlackTeam "Bochum-Linden"]
[WhiteTeamCountry "GER"]
[BlackTeamCountry "GER"]

1. d4 d6 2. Nf3 g6 3. e4 Nf6 4. Nc3 Bg7 5. Bg5 c6 6. Qd2 Nbd7 7. e5 dxe5 8. dxe5 Ng4 9. e6 fxe6 10. 0-0-0 Qa5 11. Kb1 Nde5 12. Nxe5 Nxe5 13. Be2 Nf7 14. Bh4 Qb4 15. Bg3 e5 16. a3 Qd4 17. Qe1 Qb6 18. Bc4 Nd6 19. Na4 Qc7 20. Bxe5 Bxe5 21. Qxe5 Rf8 22. Rhe1 Nb5 23. Qe3 Bf5 24. Rd2 Nd6 25. Bb3 b6 26. Rde2 0-0-0 27. Qxe7 Nb5 28. Qxc7+ Kxc7 29. Re7+ Rd7 30. Rxd7+ Kxd7 31. f3 Kd6 32. Kc1 g5 33. Rd1+ Ke5 34. Bc4 Nd4 35. Bd3 Bxd3 36. Rxd3 Rf7 37. Nc3 h5 38. Re3+ Kf5 39. Ne4 Kf4 40. Re1 c5 41. g3+ 1-0

[Event "Ruhrgebiet Regionalliga 1314"]
[Site "Ruhrgebiet"]
[Date "2014.05.04"]
[Round "9.5"]
[White "Ribbeheger, Edgar"]
[Black "Berghaus, Matthias"]
[Result "1-0"]
[WhiteElo "1962"]
[BlackElo "1942"]
[PlyCount "47"]
[EventDate "2013.09.22"]
[EventType "team-tourn"]
[EventRounds "9"]
[EventCountry "GER"]
[SourceTitle "EXT 2024"]
[Source "ChessBase"]
[SourceDate "2023.10.10"]
[SourceVersion "1"]
[SourceVersionDate "2023.10.10"]
[SourceQuality "1"]
[WhiteTeam "Herne Sodingen II"]
[BlackTeam "Gerthe Werne"]
[WhiteTeamCountry "GER"]
[BlackTeamCountry "GER"]

1. d4 d5 2. Nc3 Bg4 3. Qd3 Qd7 4. f3 Bh5 5. e4 e6 6. a3 Nc6 7. exd5 exd5 8. Bf4 Be7 9. 0-0-0 Bg6 10. Qb5 Qf5 11. Rd2 0-0-0 12. g3 Qe6 13. Bh3 f5 14. Nge2 h5 15. Qd3 a6 16. Be5 Nxe5 17. dxe5 Bg5 18. f4 Bh6 19. Nd4 Qb6 20. Bxf5+ Bxf5 21. Nxf5 Kb8 22. Nxd5 Qc6 23. Rhd1 h4 24. Nb4 1-0

[Event "Ruhrgebiet Regionalliga 1213"]
[Site "Nordrheinwestfalen"]
[Date "2013.01.27"]
[Round "5.6"]
[White "Baerwolf, Steven"]
[Black "Ribbeheger, Edgar"]
[Result "0-1"]
[WhiteElo "1934"]
[BlackElo "1973"]
[PlyCount "68"]
[EventDate "2012.09.09"]
[EventType "team-tourn"]
[EventRounds "9"]
[EventCountry "GER"]
[SourceTitle "EXT 2020"]
[Source "ChessBase"]
[SourceDate "2019.10.17"]
[SourceVersion "1"]
[SourceVersionDate "2019.10.17"]
[SourceQuality "1"]
[WhiteTeam "Horst Emscher"]
[BlackTeam "Herne Sodingen II"]
[WhiteTeamCountry "GER"]
[BlackTeamCountry "GER"]

1. e4 Nf6 2. d3 d6 3. g3 g6 4. Bg2 Bg7 5. Ne2 0-0 6. 0-0 c6 7. c3 Nbd7 8. h3 Qb6 9. Qc2 d5 10. Be3 Qa6 11. f4 dxe4 12. dxe4 e5 13. Na3 Re8 14. Rad1 b5 15. g4 exf4 16. Nxf4 Ne5 17. Bd4 Nfd7 18. Qf2 Qb7 19. Nd3 a5 20. Nc2 Qc7 21. Ne3 Bb7 22. g5 Rf8 23. Nxe5 Nxe5 24. Bxe5 Bxe5 25. Ng4 Ba6 26. Nf6+ Bxf6 27. gxf6 b4 28. Qe3 Kh8 29. Qh6 Rg8 30. Rf4 g5 31. Rf5 Be2 32. Rxg5 Rxg5 33. Qxg5 Rg8 34. Qc1 Qg3 0-1

[Event "Ruhrgebiet Regionalliga 1213"]
[Site "Nordrheinwestfalen"]
[Date "2012.11.04"]
[Round "3.3"]
[White "Ribbeheger, Edgar"]
[Black "Luft, Dennis"]
[Result "0-1"]
[WhiteElo "1973"]
[BlackElo "2095"]
[PlyCount "126"]
[EventDate "2012.09.09"]
[EventType "team-tourn"]
[EventRounds "9"]
[EventCountry "GER"]
[SourceTitle "EXT 2020"]
[Source "ChessBase"]
[SourceDate "2019.10.17"]
[SourceVersion "1"]
[SourceVersionDate "2019.10.17"]
[SourceQuality "1"]
[WhiteTeam "Herne Sodingen II"]
[BlackTeam "Brackel SF"]
[WhiteTeamCountry "GER"]
[BlackTeamCountry "GER"]

1. d4 g6 2. c4 Bg7 3. Nc3 c5 4. d5 d6 5. Nf3 Nd7 6. g3 Ngf6 7. Bg2 Nb6 8. Nd2 0-0 9. 0-0 Rb8 10. a4 e6 11. a5 Na8 12. dxe6 Bxe6 13. a6 d5 14. axb7 Rxb7 15. cxd5 Nxd5 16. Nde4 Nxc3 17. bxc3 Rd7 18. Qe1 Bd5 19. Bg5 Qb6 20. Be3 Qc6 21. f3 Re8 22. Bf2 Rde7 23. Ra5 f5 24. Rxc5 Qd7 25. c4 Bxe4 26. fxe4 fxe4 27. Qd1 e3 28. Bd5+ Kh8 29. Be1 Nb6 30. Bb4 Rd8 31. Qb3 Qg4 32. Rc6 Nxd5 33. cxd5 Rb7 34. Rc4 Qxe2 35. Rcf4 h6 36. Rf7 Rxf7 37. Rxf7 Rb8 38. Qb1 Qg4 39. Rxg7 Kxg7 40. Bc3+ Kh7 41. Qxb8 Qd1+ 42. Kg2 Qxd5+ 43. Kh3 Qh5+ 44. Kg2 Qe2+ 45. Kh3 Qf1+ 46. Kh4 Qc4+ 47. Kh3 Qxc3 48. Qxa7+ Kg8 49. Qe7 Qc8+ 50. Kg2 Qc6+ 51. Kh3 Qc8+ 52. Kg2 Qc2+ 53. Kh3 Qf5+ 54. Kg2 Qf2+ 55. Kh3 h5 56. Qe8+ Kh7 57. Qe7+ Kh6 58. Qe5 g5 59. Qe6+ Kg7 60. Qe7+ Kg6 61. Qe6+ Qf6 62. Qe8+ Kh6 63. Qxe3 Qf1# 0-1

[Event "Herne-ch 14th"]
[Site "Herne"]
[Date "2011.02.22"]
[Round "3"]
[White "Ribbeheger, Edgar"]
[Black "Maczkowiak, Thomas"]
[Result "1-0"]
[WhiteElo "1978"]
[BlackElo "1932"]
[PlyCount "59"]
[EventDate "2011.02.07"]
[EventType "swiss"]
[EventRounds "7"]
[EventCountry "GER"]
[SourceTitle "EXT 2014"]
[Source "ChessBase"]
[SourceDate "2013.11.20"]
[SourceVersion "1"]
[SourceVersionDate "2013.11.20"]
[SourceQuality "1"]

1. d4 Nf6 2. c4 g6 3. Nc3 d5 4. cxd5 Nxd5 5. e4 Nxc3 6. bxc3 Bg7 7. Bc4 0-0 8. Ne2 c5 9. 0-0 Nc6 10. Be3 Qc7 11. Rc1 Rd8 12. Bb3 Na5 13. d5 e5 14. f4 c4 15. Ba4 f6 16. Qe1 b6 17. Qg3 Bd7 18. Bc2 Nb7 19. h4 Rf8 20. h5 Be8 21. fxe5 fxe5 22. hxg6 Bxg6 23. Nd4 Nd6 24. Ne6 Rxf1+ 25. Rxf1 Qd7 26. Bg5 Nf7 27. Bf6 Bh8 28. Qf3 Qd6 29. Bxh8 Nxh8 30. Qf6 1-0

[Event "Ruhrgebiet Verbandsliga2 1011"]
[Site "Nordrheinwestfalen"]
[Date "2011.02.06"]
[Round "6.6"]
[White "Ribbeheger, Edgar"]
[Black "Sicars, Thorsten"]
[Result "0-1"]
[WhiteElo "1953"]
[BlackElo "1998"]
[PlyCount "48"]
[EventDate "2010.09.12"]
[EventType "team-tourn"]
[EventRounds "9"]
[EventCountry "GER"]
[SourceTitle "EXT 2020"]
[Source "ChessBase"]
[SourceDate "2019.10.17"]
[SourceVersion "1"]
[SourceVersionDate "2019.10.17"]
[SourceQuality "1"]
[WhiteTeam "Herne Sodingen II"]
[BlackTeam "Holsterhausen SK"]
[WhiteTeamCountry "GER"]
[BlackTeamCountry "GER"]

1. d4 d5 2. c4 c6 3. Nc3 Nf6 4. Nf3 dxc4 5. e4 b5 6. Ne5 e6 7. Be2 Bb7 8. 0-0 Bb4 9. a4 a6 10. Bf3 Nbd7 11. Nxd7 Qxd7 12. e5 Nd5 13. Ne4 Be7 14. Qc2 0-0 15. b3 cxb3 16. Qxb3 Nb6 17. a5 Nc4 18. Rd1 Qc7 19. Be2 c5 20. Nxc5 Bxc5 21. dxc5 Qxe5 22. Ra2 Bd5 23. Bxc4 Bxc4 24. Qb2 Qh5 0-1

[Event "Ruhrgebiet VK3 0910"]
[Site "Ruhrgebiet"]
[Date "2010.02.07"]
[Round "6.5"]
[White "Pahne, Dirk"]
[Black "Ribbeheger, Edgar"]
[Result "1-0"]
[WhiteElo "1964"]
[BlackElo "1907"]
[PlyCount "115"]
[EventDate "2009.09.06"]
[EventType "team"]
[EventRounds "9"]
[EventCountry "GER"]
[SourceTitle "EXT 2011"]
[Source "ChessBase"]
[SourceDate "2010.11.26"]
[SourceVersion "1"]
[SourceVersionDate "2010.11.26"]
[SourceQuality "1"]
[WhiteTeam "Rochade Eving"]
[BlackTeam "Herne Sodingen II"]
[WhiteTeamCountry "GER"]
[BlackTeamCountry "GER"]

1. e4 d6 2. d4 Nf6 3. Nc3 g6 4. Bg5 Bg7 5. Qd2 c6 6. f3 h6 7. Be3 e5 8. dxe5 dxe5 9. Qxd8+ Kxd8 10. Bc4 Be6 11. Bxe6 fxe6 12. Nge2 Nbd7 13. h3 Nh5 14. Rd1 Kc7 15. Kf2 Rhf8 16. Rd2 Nb6 17. Rhd1 Rad8 18. b3 Rxd2 19. Rxd2 Rf7 20. a4 Bf8 21. a5 Nc8 22. Na4 Bb4 23. c3 Bxa5 24. Bxh6 Nd6 25. Ke1 Bb6 26. Nxb6 axb6 27. Be3 c5 28. c4 Kc6 29. Nc1 Rd7 30. Nd3 Nf7 31. b4 g5 32. bxc5 bxc5 33. Nxc5 Rxd2 34. Kxd2 Nf4 35. g3 Nxh3 36. Nxe6 g4 37. fxg4 Kd6 38. Ng7 Nhg5 39. Kd3 Kc6 40. c5 Kb5 41. Ne8 Ne6 42. g5 Nexg5 43. Nd6+ Nxd6 44. cxd6 Nf7 45. g4 Kc6 46. g5 Nh8 47. Bc5 Ng6 48. Ba3 Kd7 49. Ke3 Ke6 50. Kf3 Nf8 51. Kg4 Nd7 52. Kh5 b6 53. Kg6 Nf8+ 54. Kg7 Nd7 55. g6 Nf6 56. Kh8 Nxe4 57. g7 Nf6 58. Bc1 1-0